00781 2200217 4500001002100000005001500021035002000036007000300056008004100059020002200100082001000122084001600132100001900148245008100167250001100248260004500259300004700304650001500351520018100366990001600547INLIS00000000000001720220421085140 a0010-0422000004ta220421 b 0 ind  a978-602-01-1825-3 a372.7 a372.7 NAN m0 aNanang Priatna1 aMatematika untuk Sekolah Dasar/Madrasah Ibtidaiyah Kelas 4 /cNanang Priatna aRevisi aBandung :bGrafindo Media Pratama,c2016 a184 halaman :bilustrasi berwarna ;c25 cm 4aMatematika aPelajarang Matematika sangat pentuing untukmu. Kamu dapat menggunakan Matematika dalam kegiatan sehari-hari. Misalnya membeli barang, membuat kue, dan membaca jadwal pelajaran. a00000000015